1723 1198 1476 1347 1983 1331 1533 1313 1218 1138 1101 1185 1739 1141 1379 1590 1717 1027 1861 1166 1751 1374 1255 1306 1804 1077 1473 1701 1509 1033 1879 1991 1411 1788 1391 1115 1451 1425 1175 1179 1176 1884 1519 1862 1428 1916 1518 1902 1924 1201 1644 1457 1805 1801 1614 1959 1237 1440 1428 1784 1196 1162 1606 1644 1754 1845 1161 1492 1183 1946 1273 1588 1748 1266 1330 1031 1750 1241 1257 1885 1731 1408 1031 1859 1192 1012 1709 1976 1629 1632 1291 1486 1857 1397 1613 1124 1011 1236 1432 BCNSPRNW ULIB Ver.6.0+V

เปลี่ยนเป็นภาษาไทย

Change to English
 แสดงรายละเอียดบรรณานุกรม
  กลับหน้าหลัก

Brief Record : Get Marc (ISO 2709) : E-mail record : QR code < ปิดหน้าต่าง
LEADER : 00000nam 2200000uu 4500
001    13399113497
003     ULIB
008    110627s2552||||th 000 0 tha d
020    9786110600804
090    นว.^bป523ฟ 2552
100 0  ปัญญ์ปรียา
245 00 ฟ้าพราวระยับ/^cปัญญ์ปรียา
250    พิมพ์ครั้งที่ 2
260    กรุงเทพฯ :^bแจ่มใส,^c2552
300    393 หน้า
710 1  แจ่มใส
945    ^p239^l0^i026534
995    ทศพร
999 ^a ใช้งานได้ทุกระบบ
รายการนี้ยังไม่มีแท็ก
คุณยังไม่ได้ล็อกอิน คุณสามารถมีกิจกรรมร่วมกับเว็บไซต์ได้ แต่ต้องล็อกอินก่อน ::
  ล็อกอิน

รายการสื่อสารสนเทศ

ลำดับที่ ประเภท เลขเรียก/บาร์โค้ด สถานที่ สถานะ
1. นวนิยาย
นวนิยาย
นว. ป523ฟ 2552 ฉ.1 
  Barcode: 026534
ห้องสมุดวิทยาเขตสวรรค์ประชารักษ์
►นวนิยาย
บนชั้น
  ขอยืม

รายการใกล้เคียง
    ผู้แต่ง [ปัญญ์ปรียา]

BibComment


ยังไม่เคยถูกคอมเมนท์

คอมเมนท์ทรัพยากรรายการนี้
  คอมเมนท์: ฟ้าพราวระยับ ปัญญ..


 Copyright 2026. Bcnsprnw @Library